| 000 | 00421nam a2200169Ia 4500 | ||
|---|---|---|---|
| 008 | 231217s9999 xx 000 0 und d | ||
| 041 | _aEnglish | ||
| 082 | _a001.6424JAV GRA.2;1 R | ||
| 100 | _aGrand, Mark | ||
| 245 | 0 | _aPatterns in Java V2 | |
| 250 | _a1st ed. | ||
| 260 |
_c2003 _bWiley Dream Tech India Ltd, _aNew Delhi |
||
| 300 | _aviii+354 | ||
| 300 | _cCD1140 | ||
| 650 | _aPatterns,Java,V2 | ||
| 942 | _cAA | ||
| 999 |
_c170900 _d170900 |
||